Лазерное прогнозирование прочности твердосплавных инструментальных материалов; Применение лазеров в народном хозяйстве

Manylion Llyfryddiaeth
Parent link:Применение лазеров в народном хозяйстве.— 1985.— С. 66-67
Awduron Eraill: Воробьев С. А., Кожевников Д. В., Нестеренко В. П., Погребняк А. Д., Кузнецов М. Ф.
Iaith:Rwseg
Cyhoeddwyd: 1985
Pynciau:
Fformat: Pennod Llyfr
KOHA link:https://koha.lib.tpu.ru/cgi-bin/koha/opac-detail.pl?biblionumber=594928

MARC

LEADER 00000naa0a2200000 4500
001 594928
005 20250220164213.0
035 |a (RuTPU)RU\TPU\tpu\12244 
035 |a RU\TPU\tpu\12243 
090 |a 594928 
100 |a 20050602d1985 k y0rusy50 ca 
101 0 |a rus 
102 |a RU 
200 1 |a Лазерное прогнозирование прочности твердосплавных инструментальных материалов  |f С. А. Воробьев [и др.] 
463 |t Применение лазеров в народном хозяйстве  |o всесоюзная конференция (Звенигород, 17-20 мая, 1985)  |o тезисы докладов  |v С. 66-67  |d 1985 
610 1 |a прочность 
610 1 |a твердосплавные интрументальные материалы 
610 1 |a прогнозирование 
610 1 |a труды учёных ТПУ 
701 1 |a Воробьев  |b С. А. 
701 1 |a Кожевников  |b Д. В. 
701 1 |a Нестеренко  |b В. П. 
701 1 |a Погребняк  |b А. Д. 
701 1 |a Кузнецов  |b М. Ф. 
801 1 |a RU  |b 63413507  |c 20050602  |g PSBO 
801 2 |a RU  |b 63413507  |c 20100419  |g PSBO 
942 |c BK